[Event "Malmo Open"]
[Site "Malmo"]
[Date "2013.12.13"]
[Round "1"]
[White "Neretljak, Nedzad"]
[Black "Hillarp Persson, Tiger"]
[Result "0-1"]
[WhiteElo "2167"]
[BlackElo "2624"]

1.e4 g6 2.d4 Bg7 3.Bc4 e6 4.Nc3 Ne7 5.Bg5 h6 6.Bh4 a6 7.a4 Nbc6 8.d5 Ne5
9.Bb3 g5 10.Bg3 N7g6 11.Nge2 d6 12.O-O h5 13.dxe6 fxe6 14.f4 h4 15.Be1
gxf4 16.Nxf4 Nxf4 17.Rxf4 Qg5 18.Bd2 Qg6 19.Ne2 Bd7 20.Bc3 O-O-O 21.Bxe5
Bxe5 22.Rf3 Rdg8 23.Qf1 Bc6 24.Bc4 Bxe4 25.Raa3 d5 26.Bd3 Qxg2+ 27.Qxg2
Bxf3 28.Qxg8+ Rxg8+ 29.Kf2 Rf8 30.Ke1 Bxb2 31.Rb3 Be5 32.Bxa6 bxa6 0-1

[Event "Malmo Open"]
[Site "Malmo"]
[Date "2013.12.13"]
[Round "1"]
[White "Brynell, Stellan"]
[Black "Rosell, Tomas"]
[Result "1-0"]
[WhiteElo "2569"]
[BlackElo "2162"]

1.d4 c5 2.d5 g6 3.e4 Bg7 4.Nf3 d6 5.c4 Nf6 6.Nc3 O-O 7.h3 Re8 8.Bd3 e6 9.
O-O a6 10.Bg5 h6 11.Be3 exd5 12.exd5 Nbd7 13.Qd2 Kh7 14.Rae1 Ne5 15.Nxe5
Rxe5 16.Bf4 Rh5 17.Re3 Kg8 18.Rfe1 g5 19.Bg3 g4 20.h4 Bf5 21.Bxf5 Rxf5 22.
Qe2 Bf8 23.Qd3 Qd7 24.Na4 Qxa4 25.Qxf5 Kg7 26.Bf4 1-0

[Event "Malmo Open"]
[Site "Malmo"]
[Date "2013.12.13"]
[Round "1"]
[White "Osterstrom, Tom"]
[Black "Jepson, Christian"]
[Result "1/2-1/2"]
[WhiteElo "2140"]
[BlackElo "2463"]

1.e4 e5 2.Nf3 Nc6 3.c3 Nf6 4.d4 exd4 5.e5 Ne4 6.cxd4 Bb4+ 7.Bd2 Nxd2 8.
Nbxd2 d6 9.Bb5 O-O 10.O-O dxe5 11.dxe5 Nxe5 12.Nxe5 Qxd2 13.Qxd2 Bxd2 14.
Bc4 Bb4 15.Rad1 Be6 16.Bxe6 fxe6 17.Rd3 Rfd8 18.Rfd1 Rxd3 19.Rxd3 Bd6 20.
Nc4 b5 21.Nd2 a5 22.g3 Ra6 23.Ne4 b4 24.Kg2 Rc6 25.Kf3 Kf7 26.Ke3 Ke7 27.
Rd2 Rc1 28.f4 g6 29.b3 Rc6 30.Re2 a4 31.bxa4 Ra6 32.Kd3 Rxa4 33.Kc4 h6 34.
Nc5 Ra3 35.Kxb4 Rf3 36.Rxe6+ Kf7 37.Re2 Rf1 38.Rc2 Kf6 39.Kb5 Kf5 40.a4
Rb1+ 41.Kc6 Ra1 42.Rc4 Kg4 43.Nb7 Kh3 44.Nxd6 cxd6 45.Kb5 Kxh2 46.a5 Kxg3
47.a6 Rb1+ 48.Rb4 Rc1 49.Kb6 h5 50.Kb7 h4 51.a7 Ra1 52.Rb6 Rxa7+ 53.Kxa7
Kxf4 54.Rxd6 g5 55.Rh6 Kg3 56.Kb6 h3 57.Kc5 g4 58.Kd4 Kf3 59.Ke5 Kg2 60.
Kf4 h2 61.Kxg4 h1=Q 62.Rxh1 Kxh1 1/2-1/2

[Event "Malmo Open"]
[Site "Malmo"]
[Date "2013.12.13"]
[Round "1"]
[White "Frisk Kockum, Anton"]
[Black "Kvamme, John Agnar"]
[Result "1/2-1/2"]
[WhiteElo "2410"]
[BlackElo "2129"]

1.d4 Nf6 2.Nf3 d5 3.c4 c5 4.dxc5 e6 5.a3 Bxc5 6.e3 O-O 7.Nc3 a6 8.b4 Ba7
9.cxd5 exd5 10.Be2 Nc6 11.O-O d4 12.exd4 Nxd4 13.Nxd4 Qxd4 14.Bb2 Bg4 15.
h3 Bxe2 16.Qxe2 Qf4 17.Rad1 Rfe8 18.Qd2 Qxd2 19.Rxd2 Rad8 20.Rxd8 Rxd8 21.
Rd1 Rxd1+ 22.Nxd1 Nd5 23.Kf1 f5 24.Ke2 Kf7 25.Ne3 1/2-1/2

[Event "Malmo Open"]
[Site "Malmo"]
[Date "2013.12.13"]
[Round "1"]
[White "Nilsson, Patrik"]
[Black "Johansson, Linus"]
[Result "0-1"]
[WhiteElo "2127"]
[BlackElo "2403"]

1.e4 e6 2.d4 d5 3.Nc3 Nf6 4.Bg5 Bb4 5.e5 h6 6.Be3 Ne4 7.a3 Bxc3+ 8.bxc3 c5
9.Bd3 Nxc3 10.Qg4 g6 11.dxc5 Nc6 12.Nf3 d4 13.Bf4 Na4 14.Nd2 g5 15.Ne4
gxf4 16.Qg7 Kd7 17.O-O-O a6 18.Bc4 Qf8 19.Qf6 Nxc5 20.Nxc5+ Qxc5 21.Bb3
Rh7 22.Rd3 Qxe5 23.Qh4 Qg5 24.Qh3 f3+ 25.Kb1 Qxg2 0-1

[Event "Malmo Open"]
[Site "Malmo"]
[Date "2013.12.13"]
[Round "1"]
[White "Lindberg, Bengt"]
[Black "Bengtsson, Jessica"]
[Result "1-0"]
[WhiteElo "2400"]
[BlackElo "2123"]

1.e4 c5 2.Nf3 Nc6 3.d4 cxd4 4.Nxd4 Nf6 5.Nc3 e5 6.Ndb5 d6 7.Bg5 a6 8.Na3
b5 9.Bxf6 gxf6 10.Nd5 Bg7 11.Bd3 Ne7 12.Nxe7 Qxe7 13.c4 f5 14.O-O O-O 15.
Qh5 f4 16.cxb5 Rb8 17.Rac1 d5 18.exd5 e4 19.d6 Qe5 20.Qxe5 Bxe5 21.Nc4
Bxb2 22.Nxb2 exd3 23.Nxd3 Rxb5 24.Nxf4 Rb6 25.Nd5 Rb8 26.d7 Bb7 27.Nf6+
Kg7 28.Ne8+ Kg8 29.Rfd1 Rd8 30.Rc7 1-0

[Event "Malmo Open"]
[Site "Malmo"]
[Date "2013.12.13"]
[Round "1"]
[White "Matthiesen, Arne"]
[Black "Svensson, Anders"]
[Result "1-0"]
[WhiteElo "2373"]
[BlackElo "2118"]

1.d4 Nf6 2.Nf3 g6 3.c4 Bg7 4.Nc3 O-O 5.e4 d6 6.Be2 e5 7.Be3 Ng4 8.Bg5 f6
9.Bh4 g5 10.Bg3 Nh6 11.dxe5 fxe5 12.h4 g4 13.Ng5 Nc6 14.c5 Nd4 15.cxd6
Qxd6 16.Bc4+ Kh8 17.O-O c6 18.Ne2 Qb4 19.Nxd4 Qxc4 20.Nc2 Nf7 21.Ne3 Qb4
22.Nxg4 Nxg5 23.hxg5 Qxe4 24.Nxe5 Bf5 25.Qd6 Rae8 26.Rfe1 Qc2 27.Nf7+ Kg8
28.Nh6+ Kh8 29.Be5 Be4 30.Bxg7+ Kxg7 31.Qd4+ Kg6 32.Ng4 Kxg5 33.Qg7+ Bg6
34.Rxe8 Rxe8 35.Ne3 Qe4 36.Rc1 Qe7 37.Qd4 h5 38.Qxa7 Kh6 39.Qd4 Be4 40.Rc5
Bg6 41.Qf4+ Kh7 42.Rg5 Rf8 43.Qh4 Kg7 44.Rxg6+ 1-0

[Event "Malmo Open"]
[Site "Malmo"]
[Date "2013.12.13"]
[Round "1"]
[White "Slettebo, Jan"]
[Black "Kristensen, Kaare"]
[Result "1/2-1/2"]
[WhiteElo "2106"]
[BlackElo "2345"]

1.e4 c5 2.Nf3 d6 3.d4 cxd4 4.Nxd4 Nf6 5.Nc3 g6 6.Be3 Bg7 7.f3 a6 8.Qd2
Nbd7 9.O-O-O b5 10.Nb3 Bb7 11.a3 Rc8 12.Kb1 O-O 13.h4 Rxc3 14.Qxc3 Nxe4
15.Qa5 Ng3 16.Qxd8 Rxd8 17.Rh3 Nxf1 18.Rxf1 Ne5 19.Na5 Ba8 20.Rd1 h5 21.
Bd4 f6 22.Rhh1 Nf7 23.Rhe1 e5 24.Bb6 Rc8 25.b3 d5 26.Rd3 f5 27.Red1 d4 28.
R1d2 f4 29.b4 Nd6 30.Re2 Nf5 31.Bc5 Kf7 32.c3 Ng3 33.Re1 e4 34.fxe4 Bxe4
35.Rxe4 Nxe4 36.cxd4 Bf6 37.Nb3 Rd8 38.Rf3 g5 39.hxg5 Bxg5 40.Kc2 Ke6
1/2-1/2

[Event "Malmo Open"]
[Site "Malmo"]
[Date "2013.12.13"]
[Round "1"]
[White "Andersson, Fredrik"]
[Black "Johansson, Alexander"]
[Result "1/2-1/2"]
[WhiteElo "2344"]
[BlackElo "2104"]

1.e4 c5 2.Nf3 Nc6 3.Bb5 g6 4.Bxc6 dxc6 5.d3 Bg7 6.h3 Nf6 7.O-O O-O 8.Nc3
Qc7 9.Be3 b6 10.Qc1 Re8 11.Bh6 Bh8 12.Qg5 Nh5 13.Qh4 f6 14.Rae1 e5 15.Nh2
Nf4 16.Bxf4 exf4 17.Ng4 Bxg4 18.Qxg4 Bg7 19.Ne2 Bh6 20.h4 Qe5 21.h5 g5 22.
Nc3 b5 23.Qd7 f3 24.Qxc6 Rad8 25.Nd5 Re6 26.Qxc5 g4 27.d4 Qg5 28.Nc7 Qh4
29.Qf5 Re7 30.Nd5 Rg7 31.Qxf6 Bg5 32.Qe6+ Kh8 33.Ne3 1/2-1/2

[Event "Malmo Open"]
[Site "Malmo"]
[Date "2013.12.14"]
[Round "2"]
[White "Hillarp Persson, Tiger"]
[Black "Karlsson, Jorgen"]
[Result "1-0"]
[WhiteElo "2624"]
[BlackElo "2222"]

1.d4 Nf6 2.c4 g6 3.Nc3 Bg7 4.e4 d6 5.f3 O-O 6.Nge2 c5 7.d5 Na6 8.Bg5 h6 9.
Be3 Nc7 10.Qd2 Kh7 11.a4 b6 12.g4 h5 13.gxh5 Nxh5 14.Ng3 e5 15.Nxh5 Qh4+
16.Ng3 f6 17.O-O-O Bd7 18.f4 a6 19.Kb1 Rfb8 20.fxe5 dxe5 21.Bf2 Qh6 22.
Qxh6+ Bxh6 23.h4 Bf8 24.h5 g5 25.h6 b5 26.d6 Ne8 27.cxb5 axb5 28.Bxb5 Bg4
29.Bxc5 Bxd1 30.Rxd1 Rd8 31.Nf5 Rab8 32.b4 Kg6 33.Bxe8+ Rxe8 34.d7 Red8
35.Bxf8 Rxf8 36.Ne7+ Kxh6 37.Nc6 Rbd8 38.a5 g4 39.b5 Kg5 40.b6 Kf4 41.Nxd8
Rxd8 42.b7 1-0

[Event "Malmo Open"]
[Site "Malmo"]
[Date "2013.12.14"]
[Round "2"]
[White "Holmsgaard, Henrik"]
[Black "Brynell, Stellan"]
[Result "0-1"]
[WhiteElo "2287"]
[BlackElo "2569"]

1.e4 e6 2.d3 d5 3.Qe2 dxe4 4.dxe4 e5 5.Nf3 Nd7 6.g3 Bc5 7.Bg2 Ngf6 8.O-O
O-O 9.Nbd2 Re8 10.Nc4 b6 11.Rd1 Ng4 12.Ne3 Nxe3 13.Bxe3 Qe7 14.Nd2 a5 15.
Bxc5 Nxc5 16.Nf1 Bb7 17.Ne3 Rad8 18.Nd5 Bxd5 19.exd5 e4 20.Rd4 Qe5 21.Rad1
f5 22.Qe3 Rd6 23.Bf1 Red8 24.c3 Kh8 25.b4 Nd7 26.f4 exf3 27.Qxf3 axb4 28.
cxb4 Nf6 29.Bc4 c6 30.Qf4 Qxf4 31.Rxf4 g6 32.a4 cxd5 33.Bb5 Rc8 34.a5 bxa5
35.bxa5 Ne4 36.Ra1 Kg7 37.a6 Rb6 38.Bf1 Kf6 39.Rf3 Ke5 40.a7 Ra8 41.Rfa3
g5 42.Ra5 f4 43.gxf4+ gxf4 44.Rd1 Rg6+ 0-1

[Event "Malmo Open"]
[Site "Malmo"]
[Date "2013.12.14"]
[Round "2"]
[White "Johansson, Linus"]
[Black "Syla, Blerim"]
[Result "1-0"]
[WhiteElo "2403"]
[BlackElo "2201"]

1.d4 d6 2.Nf3 Nc6 3.d5 Nb8 4.e4 e5 5.dxe6 Bxe6 6.Nc3 g6 7.Bg5 f6 8.Be3 Bg7
9.h4 h5 10.Nd4 Bf7 11.Qd2 Ne7 12.Bb5+ Nd7 13.Ba4 a6 14.Bb3 Nf8 15.Bxf7+
Kxf7 16.a4 Qd7 17.Nd5 Nxd5 18.exd5 Re8 19.O-O Re5 20.Nf3 Re4 21.a5 Qg4 22.
Qc3 Rc4 23.Qd3 Qe4 24.Nd2 Qxd3 25.cxd3 Rxh4 26.Rac1 c6 27.dxc6 bxc6 28.
Rxc6 Rb4 29.Rxa6 d5 30.Rd6 Rb5 31.a6 Ke7 32.Rb6 Rxb6 33.Bxb6 f5 34.Bd8+
Kf7 35.a7 Ne6 36.a8=Q Rxd8 37.Qb7+ Kg8 38.Re1 Nf8 39.Nf3 Rd7 40.Qb8 Kf7
41.Ng5+ Kg8 42.Re8 Bh6 43.Ne6 Rf7 44.b4 Rf6 45.Nxf8 Bxf8 1-0

[Event "Malmo Open"]
[Site "Malmo"]
[Date "2013.12.14"]
[Round "2"]
[White "Laksman, Efraim"]
[Black "Lindberg, Bengt"]
[Result "0-1"]
[WhiteElo "2269"]
[BlackElo "2400"]

1.c4 e5 2.Nc3 Nf6 3.Nf3 Nc6 4.g3 d5 5.cxd5 Nxd5 6.Bg2 Nb6 7.O-O Be7 8.d3
O-O 9.Be3 Be6 10.d4 exd4 11.Nxd4 Nxd4 12.Bxd4 c6 13.Ne4 Nd7 14.Qc2 Re8 15.
Rfd1 Qa5 16.Bc3 Qf5 17.b3 Qg6 18.Qb2 Bd5 19.Nd2 Bxg2 20.Kxg2 Nb6 21.Nf3
Nd5 22.Bd4 Bf8 23.e3 b6 24.Qb1 Qh5 25.Qc2 c5 0-1

[Event "Malmo Open"]
[Site "Malmo"]
[Date "2013.12.14"]
[Round "2"]
[White "Lindgren, Philip"]
[Black "Reid, Gregor"]
[Result "0-1"]
[WhiteElo "2393"]
[BlackElo "2180"]

1.d4 Nf6 2.c4 g6 3.Nf3 Bg7 4.Nc3 O-O 5.Bg5 c5 6.d5 d6 7.e3 b5 8.cxb5 a6 9.
bxa6 Qa5 10.Nd2 Bxa6 11.Be2 Nbd7 12.O-O Rfb8 13.Rb1 Ne5 14.f4 Ned7 15.Bxa6
Qxa6 16.e4 Rb4 17.Qf3 Rd4 18.Nb3 Rd3 19.Qe2 c4 20.Nd2 Nc5 21.Kh1 Na4 22.
Nxa4 Qxa4 23.Rfc1 Qxa2 24.Nxc4 Rd4 25.Bxf6 Bxf6 26.h3 Qb3 27.Rc3 Qb5 28.e5
Bg7 29.Rd1 Rxf4 30.Rc2 Rc8 31.exd6 exd6 32.Nxd6 Qxe2 33.Rxe2 Rd8 34.Nb7
Rd7 35.d6 Bf6 36.Nc5 Rd8 37.d7 Rb4 38.Re8+ Kg7 39.Rde1 Rxb2 40.Rxd8 Bxd8
41.Re8 Bc7 42.d8=Q Rb1+ 0-1

[Event "Malmo Open"]
[Site "Malmo"]
[Date "2013.12.14"]
[Round "2"]
[White "Wiander, Michael"]
[Black "Matthiesen, Arne"]
[Result "0-1"]
[WhiteElo "2168"]
[BlackElo "2373"]

1.e4 g6 2.Nf3 c5 3.d4 cxd4 4.c3 d3 5.e5 d5 6.Bxd3 Nc6 7.O-O Bg4 8.Re1 Bg7
9.Bf4 Bxf3 10.Qxf3 e6 11.Nd2 Nge7 12.c4 O-O 13.Rad1 Qb6 14.Qh3 Qxb2 15.Nf3
dxc4 16.Bxc4 Qb4 17.Re4 Rad8 18.Rde1 Qc3 19.Bg5 Nf5 20.Bxd8 Rxd8 21.Bf1 h5
22.Rc4 Qa3 23.Rf4 Qxa2 24.Bc4 Qc2 25.Rxf5 Qxf5 0-1

[Event "Malmo Open"]
[Site "Malmo"]
[Date "2013.12.14"]
[Round "2"]
[White "Kristensen, Kaare"]
[Black "Lin, Michael"]
[Result "1-0"]
[WhiteElo "2345"]
[BlackElo "2085"]

1.e4 c5 2.Nf3 d6 3.d4 cxd4 4.Nxd4 Nf6 5.Nc3 g6 6.Be3 Bg7 7.Be2 O-O 8.Qd2
Nc6 9.O-O-O d5 10.exd5 Nxd5 11.Nxc6 bxc6 12.Nxd5 cxd5 13.Qxd5 Qc7 14.Qxa8
Bf5 15.Qxf8+ Kxf8 16.Bd3 Be6 17.Kb1 f5 18.Rhe1 Qb7 19.Bc1 Qd5 20.c4 Qc6
21.f3 a5 22.Re2 Bxc4 23.Bxc4 Qxc4 24.Rc2 Qh4 25.h3 a4 26.Bd2 Qd4 27.Re1
Qd3 28.Bg5 e5 29.Kc1 a3 30.Rd1 axb2+ 31.Rxb2 Qc3+ 32.Kb1 Qc6 33.Rd8+ Kf7
34.Rdb8 Qc3 35.R2b7+ Ke6 36.Re7+ Kd6 37.Rd8+ Kc6 38.Rc8+ 1-0

[Event "Malmo Open"]
[Site "Malmo"]
[Date "2013.12.14"]
[Round "2"]
[White "Krantz, Christopher"]
[Black "Karlsson, Ulf"]
[Result "1-0"]
[WhiteElo "2330"]
[BlackElo "2066"]

1.e4 c5 2.Nf3 Nc6 3.Bb5 e6 4.Bxc6 bxc6 5.d3 d6 6.Qe2 e5 7.O-O Ne7 8.c3 Ng6
9.d4 cxd4 10.cxd4 Be7 11.dxe5 dxe5 12.Be3 Qa5 13.Rd1 O-O 14.Qc2 Ba6 15.
Nbd2 Rfd8 16.Nb3 Qa4 17.g3 Bb5 18.Ne1 Qc4 19.Qxc4 Bxc4 20.Nd2 Be6 21.Rdc1
Bb4 22.Nb1 Ne7 23.f3 a6 24.Kf2 Rab8 25.b3 f5 26.Nc3 Bxc3 27.Rxc3 fxe4 28.
fxe4 Bh3 29.Bc5 Nc8 30.Ke3 Nd6 31.Bxd6 Rxd6 32.Rac1 Bd7 33.Rd3 Rxd3+ 34.
Nxd3 Re8 35.Rc5 Re6 36.Nxe5 Be8 37.Ra5 Kf8 38.Nf3 Bg6 39.e5 Bh5 40.Nd4 Re7
41.Nxc6 Rc7 42.Rxa6 Be8 43.Nd4 Rc3+ 44.Ke4 Bg6+ 45.Kd5 Rd3 46.b4 1-0

[Event "Malmo Open"]
[Site "Malmo"]
[Date "2013.12.14"]
[Round "2"]
[White "Astrom, Lars"]
[Black "Rydstrom, Tom"]
[Result "0-1"]
[WhiteElo "2092"]
[BlackElo "2305"]

1.e4 e5 2.Nf3 Nc6 3.Bc4 Bc5 4.c3 Nf6 5.d4 exd4 6.cxd4 Bb4+ 7.Nc3 Nxe4 8.
O-O Bxc3 9.d5 Ne7 10.bxc3 O-O 11.Re1 Nf6 12.Bg5 d6 13.Bxf6 gxf6 14.Qd4 Ng6
15.Bd3 c5 16.Qe3 Bd7 17.Qh6 Re8 18.h4 Rxe1+ 19.Rxe1 Qf8 20.Qd2 Qg7 21.Bxg6
fxg6 22.Qf4 Qf8 23.Nd2 Rd8 24.Ne4 Bf5 25.Ng3 Bc8 26.h5 g5 27.Qe4 Bd7 28.
Qf3 f5 29.Nf1 Qf6 30.g4 Rf8 31.gxf5 Qxf5 32.Qxf5 Rxf5 33.Ng3 Rxd5 34.Re7
Bc6 35.h6 Re5 36.Rg7+ Kh8 37.Rf7 Re8 38.Nh5 Bd5 39.Rd7 Re1+ 40.Kh2 Rh1+
41.Kg3 Rxh5 42.Rxd6 Bg8 43.Kg4 Rh2 44.Kxg5 Rxf2 45.Rd7 Rxa2 46.Rxb7 a5 47.
Rc7 c4 48.Ra7 a4 49.Kf4 a3 50.Ke5 Ra1 51.Kd4 a2 52.Kc5 Rh1 53.Rxa2 Rxh6
54.Ra7 Rh5+ 55.Kd4 Rd5+ 56.Ke4 h5 57.Kf4 Rd3 58.Ra3 Kg7 59.Kg5 Bf7 60.Kh4
Re3 61.Kg5 Re4 62.Ra7 Rg4+ 63.Kf5 Rg3 64.Ra3 h4 65.Kf4 Rd3 66.Ra1 h3 67.
Rg1+ Kf6 68.Rh1 Rxc3 69.Ke4 Rd3 70.Kf4 Bd5 71.Ra1 h2 72.Ra6+ Ke7 73.Ra7+
Kd8 74.Rh7 h1=Q 0-1

[Event "Malmo Open"]
[Site "Malmo"]
[Date "2013.12.14"]
[Round "2"]
[White "Eriksson, Kristian"]
[Black "Gajic, Mladen"]
[Result "0-1"]
[WhiteElo "2053"]
[BlackElo "2289"]

1.e4 Nf6 2.e5 Nd5 3.Nc3 Nb6 4.d4 d6 5.Nf3 Bg4 6.Be2 d5 7.O-O e6 8.Ne1 Bxe2
9.Nxe2 c5 10.dxc5 Bxc5 11.Nd3 Be7 12.Ng3 O-O 13.Re1 Nc6 14.Qg4 Kh8 15.Nh5
Rg8 16.b3 Nd7 17.Bb2 Rc8 18.Re3 g6 19.Ng3 Qb6 20.Nf4 Nb4 21.Rd1 Rxc2 22.
Bd4 Bc5 23.Bxc5 Nxc5 24.Qg5 Qd8 25.Qh6 Nxa2 26.h4 Nc3 27.Ra1 a6 28.h5 Qf8
29.Qg5 h6 30.Qf6+ Qg7 31.hxg6 Qxf6 32.exf6 fxg6 33.f7 Rf8 34.Nxg6+ Kg7 35.
Nxf8 Kxf8 36.Nh5 Kxf7 37.Rf3+ Ke7 38.Kh2 d4 39.Re1 d3 40.b4 d2 41.Ra1 Nb3
0-1

[Event "Malmo Open"]
[Site "Malmo"]
[Date "2013.12.14"]
[Round "3"]
[White "Liedbeck, Patrik"]
[Black "Hillarp Persson, Tiger"]
[Result "0-1"]
[WhiteElo "1956"]
[BlackElo "2624"]

1.e4 g6 2.d4 Bg7 3.Nf3 d6 4.c3 e6 5.Bd3 Ne7 6.Bg5 h6 7.Bh4 Nd7 8.Nbd2 b6
9.O-O Bb7 10.Re1 O-O 11.Qe2 a5 12.a4 Qe8 13.Bg3 Qc8 14.Rac1 Re8 15.Nf1 d5
16.exd5 Nxd5 17.Ne3 N5f6 18.Ne5 Nh5 19.N3g4 Nxg3 20.hxg3 h5 21.Nxd7 Qxd7
22.Ne5 Bxe5 23.Qxe5 Qd5 24.Qxd5 Bxd5 25.Be4 Red8 26.f3 Rac8 27.Bxd5 Rxd5
28.Rcd1 Rcd8 29.f4 c5 30.Re5 Kf8 31.Kf2 Ke7 32.Ke2 R5d7 33.Ke3 Kf6 34.Rd3
Rd6 35.Rd2 Ke7 36.Rd3 f6 37.Re4 Rd5 38.c4 cxd4+ 39.Rexd4 Rxd4 40.Rxd4 Rxd4
41.Kxd4 Kd6 42.b3 Kc6 43.Kc3 Kc5 44.Kd3 Kb4 45.Kc2 e5 46.fxe5 fxe5 *

[Event "Malmo Open"]
[Site "Malmo"]
[Date "2013.12.14"]
[Round "3"]
[White "Manosri Jacobsen, Mikkel"]
[Black "Brynell, Stellan"]
[Result "0-1"]
[WhiteElo "1952"]
[BlackElo "2569"]

1.d4 Nf6 2.Bf4 d5 3.e3 c5 4.c3 Nc6 5.Nd2 Bf5 6.Qb3 Qd7 7.Ngf3 c4 8.Qd1 e6
9.b4 Be7 10.Be2 O-O 11.O-O h6 12.a4 a6 13.Re1 Bd6 14.Ne5 Qc7 15.Nxc6 Bxf4
16.exf4 bxc6 17.g3 a5 18.b5 cxb5 19.axb5 Rfb8 20.Qa4 Qd7 21.Bf3 Ra7 22.
Nxc4 dxc4 23.Bc6 Qc7 24.Re5 Bd3 25.Rc5 Nd7 26.Qd1 Nxc5 27.dxc5 Qe7 28.b6
Ra6 29.Bb5 Qxc5 30.Bxa6 Qxb6 31.Bxc4 Bxc4 32.Qa4 Bd5 33.Kf1 Qa6+ 0-1

[Event "Malmo Open"]
[Site "Malmo"]
[Date "2013.12.14"]
[Round "3"]
[White "Svensson, Soren"]
[Black "Johansson, Linus"]
[Result "0-1"]
[WhiteElo "1944"]
[BlackElo "2403"]

1.d4 Nf6 2.c4 e6 3.Nf3 c5 4.d5 exd5 5.cxd5 d6 6.Nc3 g6 7.e4 Bg7 8.Bd3 a6
9.a4 Bg4 10.h3 Bxf3 11.Qxf3 Nbd7 12.Qd1 O-O 13.O-O Re8 14.a5 c4 15.Bc2 Nc5
16.Re1 Nfd7 17.f4 b5 18.axb6 Qxb6 19.Kh2 Nb3 20.Be3 Qb7 21.Ra2 Ndc5 22.Bf2
a5 23.Qf3 Qb4 24.e5 dxe5 25.f5 Nd4 26.Bxd4 exd4 27.Rxe8+ Rxe8 28.fxg6 hxg6
29.Ne4 Nxe4 30.Bxe4 Qe1 0-1

[Event "Malmo Open"]
[Site "Malmo"]
[Date "2013.12.14"]
[Round "3"]
[White "Adelbert, Philip"]
[Black "Lindberg, Bengt"]
[Result "0-1"]
[WhiteElo "1944"]
[BlackElo "2400"]

1.d4 Nf6 2.c4 e6 3.Nc3 Bb4 4.Qc2 O-O 5.a3 Bxc3+ 6.Qxc3 Qe8 7.Bf4 d6 8.f3
Nc6 9.Bg3 e5 10.d5 Nd4 11.Bf2 Nf5 12.e4 Ne7 13.g4 c5 14.dxc6 Qxc6 15.Bg2
Be6 16.Rc1 Rfc8 17.c5 d5 18.Qxe5 dxe4 19.h3 Ng6 20.Qg3 Bd5 21.Ne2 exf3 0-1

[Event "Malmo Open"]
[Site "Malmo"]
[Date "2013.12.14"]
[Round "3"]
[White "Broman, Finn"]
[Black "Matthiesen, Arne"]
[Result "0-1"]
[WhiteElo "1926"]
[BlackElo "2373"]

1.e4 g6 2.d4 Bg7 3.Nc3 d6 4.Be3 Nf6 5.f4 O-O 6.Nf3 b6 7.Bd3 Bb7 8.O-O e6
9.Qe2 Nbd7 10.Rad1 Qe7 11.Bf2 Ng4 12.Bh4 Bxd4+ 13.Kh1 Bf6 14.Ng5 Nge5 15.
Nxh7 Kxh7 16.Bxf6 Qxf6 17.fxe5 Qxe5 18.Qg4 Kg7 19.Rf2 Rh8 20.h3 Qh5 21.Qf4
g5 22.Qg3 Ne5 23.Rdf1 a6 24.Kg1 Raf8 25.Ne2 Qh4 26.Qxh4 Rxh4 27.Nd4 Rh6
28.Nf3 Nxf3+ 29.Rxf3 f6 30.R3f2 Kf7 31.Kh2 Ke7 32.Kg3 Rh4 33.Kf3 f5 34.Ke3
f4+ 35.Kd4 e5+ 36.Kc4 Rfh8 37.a4 g4 38.hxg4 Rxg4 39.Be2 Rg3 40.Bf3 Bc8 41.
Kd5 Bd7 42.b3 b5 43.axb5 axb5 44.Ra1 c6# 0-1

[Event "Malmo Open"]
[Site "Malmo"]
[Date "2013.12.14"]
[Round "3"]
[White "Thomasson, Staffan"]
[Black "Kristensen, Kaare"]
[Result "0-1"]
[WhiteElo "1893"]
[BlackElo "2345"]

1.d4 d5 2.Nf3 c5 3.e3 Nc6 4.Be2 Nf6 5.O-O e6 6.b3 Be7 7.Bb2 O-O 8.c4 dxc4
9.bxc4 b6 10.Nc3 Ba6 11.Qa4 Na5 12.Rfd1 Qe8 13.Nb5 Rc8 14.Rac1 Bb7 15.Bc3
a6 16.Bxa5 axb5 17.cxb5 Ra8 18.dxc5 Rxa5 19.Qb4 Rxa2 20.Qb3 Rxe2 21.c6 Bc8
22.Nd4 Rxf2 23.Kxf2 Bc5 24.Qd3 e5 25.Nb3 Ng4+ 26.Ke2 Bxe3 27.Ra1 Bd4 28.
Ra7 Nf2 29.Qd2 Bg4+ 30.Kf1 Nxd1 31.c7 Ne3+ 32.Ke1 Qe6 0-1

[Event "Malmo Open"]
[Site "Malmo"]
[Date "2013.12.14"]
[Round "3"]
[White "Grundel, Sam"]
[Black "Krantz, Christopher"]
[Result "1/2-1/2"]
[WhiteElo "1888"]
[BlackElo "2330"]

1.e4 e6 2.d4 d5 3.e5 c5 4.c3 Nc6 5.Nf3 Bd7 6.Be2 cxd4 7.cxd4 Nge7 8.O-O
Nf5 9.b3 Qb6 10.Bb2 Be7 11.Re1 Rc8 12.h3 a5 13.a3 O-O 14.Bd3 a4 15.b4 Na5
16.Nbd2 Nc4 17.Nxc4 dxc4 18.Bxf5 exf5 19.Bc3 f6 20.e6 Bb5 21.Qc2 1/2-1/2

[Event "Malmo Open"]
[Site "Malmo"]
[Date "2013.12.14"]
[Round "3"]
[White "Tadic, Vlado"]
[Black "Rydstrom, Tom"]
[Result "0-1"]
[WhiteElo "1873"]
[BlackElo "2305"]

1.d4 d5 2.e3 Nf6 3.f4 Bf5 4.Nf3 c5 5.c3 e6 6.Bd3 Bxd3 7.Qxd3 Nc6 8.O-O Be7
9.Nbd2 c4 10.Qe2 b5 11.e4 O-O 12.Ne5 Rc8 13.Nxc6 Rxc6 14.e5 Nd7 15.f5 exf5
16.Rxf5 b4 17.Rf1 Qa5 18.Qf3 f6 19.Qh3 Nb6 20.cxb4 Bxb4 21.Nf3 c3 22.a3
Nc4 23.bxc3 Bxc3 24.Rb1 fxe5 25.Ng5 Bxd4+ 0-1

[Event "Malmo Open"]
[Site "Malmo"]
[Date "2013.12.14"]
[Round "3"]
[White "Eisele, Per"]
[Black "Gajic, Mladen"]
[Result "0-1"]
[WhiteElo "1832"]
[BlackElo "2289"]

1.Nf3 Nf6 2.d4 d5 3.g3 Bg4 4.Bg2 c6 5.Ne5 Bf5 6.O-O Nbd7 7.c4 e6 8.Nxd7
Qxd7 9.cxd5 exd5 10.Nc3 Be7 11.Re1 O-O 12.f3 Rad8 13.Be3 Rfe8 14.Bf2 Bh3
15.e4 dxe4 16.fxe4 Bxg2 17.Kxg2 Bb4 18.Qf3 Re7 19.Re2 Bxc3 20.bxc3 b5 21.
a4 Rde8 22.e5 Nd5 23.axb5 cxb5 24.Ra6 Re6 25.Rea2 Rxa6 26.Rxa6 Re6 27.Rxe6
fxe6 28.h4 Qc6 29.Kh3 Qxc3 30.Qg4 Qc6 31.h5 Ne3 0-1

[Event "Malmo Open"]
[Site "Malmo"]
[Date "2013.12.14"]
[Round "3"]
[White "Hedlerfog, Robert"]
[Black "Reid, Gregor"]
[Result "0-1"]
[WhiteElo "1787"]
[BlackElo "2180"]

1.c3 g6 2.Qc2 d5 3.d3 e5 4.e4 c6 5.Be2 Bg7 6.b4 Ne7 7.Bg5 O-O 8.Nd2 a5 9.
Rb1 axb4 10.cxb4 Be6 11.Nb3 Nd7 12.Nf3 f6 13.Bd2 h6 14.O-O f5 15.Nc5 Nxc5
16.bxc5 dxe4 17.dxe4 Rxa2 18.Qd3 Qxd3 19.Bxd3 Rd8 20.Rxb7 Kf8 21.Bb1 Raxd2
22.Nxd2 Rxd2 23.exf5 gxf5 24.f3 Nd5 25.Rf2 Rd1+ 26.Rf1 Rxf1+ 27.Kxf1 Nc3
28.Bc2 e4 29.Rb4 Nd5 30.Rb8+ Kf7 31.Rb7+ Kf6 32.Ba4 Bf8 33.fxe4 fxe4 34.
Bxc6 Bxc5 35.Bxd5 Bxd5 36.Rc7 Bd6 37.Rd7 Bc4+ 38.Kg1 Bc5+ 39.Kh1 e3 40.Rd1
e2 41.Rf1+ exf1=Q# 0-1

[Event "Malmo Open"]
[Site "Malmo"]
[Date "2013.12.14"]
[Round "4"]
[White "Hillarp Persson, Tiger"]
[Black "Kristensen, Kaare"]
[Result "0-1"]
[WhiteElo "2624"]
[BlackElo "2345"]

1.d4 d5 2.c4 e6 3.Nc3 c5 4.cxd5 exd5 5.Nf3 Nc6 6.e3 Nf6 7.Bb5 cxd4 8.exd4
Be7 9.Ne5 Bd7 10.O-O O-O 11.Re1 Re8 12.Bg5 Ne4 13.Bxe7 Nxc3 14.Bxd8 Nxd1
15.Raxd1 Nxe5 16.dxe5 Bxb5 17.Ba5 b6 18.Bc3 Rad8 19.f3 Rd7 20.Kf2 Rc8 21.
g4 Bc4 22.a3 Bb5 23.Kg3 Rc4 24.Rd4 Rxd4 25.Bxd4 Rc7 26.Bc3 Kf8 27.Rd1 Bc4
28.h4 Ke7 29.h5 Ke6 30.f4 g6 31.Kh4 Be2 32.Rd2 Bf3 33.Rf2 Be4 34.Kg5 Rc4
35.f5+ gxf5 36.gxf5+ Bxf5 37.Rf4 h6+ 0-1

[Event "Malmo Open"]
[Site "Malmo"]
[Date "2013.12.14"]
[Round "4"]
[White "Gajic, Mladen"]
[Black "Johansson, Linus"]
[Result "0-1"]
[WhiteElo "2289"]
[BlackElo "2403"]

1.b3 Nf6 2.Bb2 g6 3.Bxf6 exf6 4.c4 Bg7 5.Nc3 O-O 6.e3 d6 7.g3 c6 8.Bg2 Re8
9.Rc1 Nd7 10.Nh3 Ne5 11.d4 Bg4 12.Qc2 Bf5 13.e4 Bxh3 14.Bxh3 Nf3+ 15.Kf1
Nxd4 16.Qd3 Ne6 17.Kg2 Nc5 18.Qf3 Re5 19.Rhd1 a5 20.Kg1 Qe7 21.Rc2 Nxe4
22.Nxe4 Rxe4 23.Rcd2 Rd8 24.Bg2 Re5 25.h4 h5 26.Kh2 f5 27.Qd3 Bf8 28.a3 f4
29.Qf3 fxg3+ 30.fxg3 Re8 31.Rf1 Rf5 32.Qd3 Rxf1 33.Qxf1 Qe1 34.Qf4 Qe3 35.
Qd4 Qxd4 36.Rxd4 Re3 37.b4 Rxa3 38.b5 cxb5 39.cxb5 Rb3 40.Bxb7 Rxb5 41.Bd5
Bg7 42.Rd3 Be5 43.Kh3 Rc5 44.g4 hxg4+ 45.Kxg4 Rc3 46.Rd1 Rg3# 0-1

[Event "Malmo Open"]
[Site "Malmo"]
[Date "2013.12.14"]
[Round "4"]
[White "Lindberg, Bengt"]
[Black "Reid, Gregor"]
[Result "1-0"]
[WhiteElo "2400"]
[BlackElo "2180"]

1.e4 g6 2.d4 d6 3.Nc3 Bg7 4.Be3 Nc6 5.f4 Nf6 6.Nf3 O-O 7.Be2 e5 8.fxe5
dxe5 9.d5 Ne7 10.Qd3 a6 11.O-O Ne8 12.Nd2 Nd6 13.Nc4 Bd7 14.Nxd6 cxd6 15.
a4 f5 16.a5 Rc8 17.Bg5 h6 18.Bh4 fxe4 19.Qxe4 Bf5 20.Qb4 g5 21.Bf2 Qd7 22.
Bd3 Bxd3 23.cxd3 Rf4 24.Ne4 Nxd5 25.Qb3 Qe6 26.Qxb7 Rf7 27.Qb3 Rcf8 28.
Rac1 Nf4 29.Qxe6 Nxe6 30.Rc6 Rd7 31.g3 Rf3 32.Nxd6 Rxd3 33.Ne4 Nd4 34.Rc8+
Kh7 35.Nc5 Ne2+ 36.Kg2 Rd8 37.Rc7 Rd2 38.Be3 Rxb2 39.Rxg7+ Kxg7 40.Ne6+
Kg6 41.Nxd8 Nf4+ 42.Kh1 Nd5 43.Bg1 e4 44.Nc6 e3 45.Ne5+ Kg7 46.Nc4 e2 47.
Re1 Ra2 48.Kg2 Ra4 49.Nb6 1-0

[Event "Malmo Open"]
[Site "Malmo"]
[Date "2013.12.14"]
[Round "4"]
[White "Krantz, Christopher"]
[Black "Tran-Kihlberg, Jimmy"]
[Result "1-0"]
[WhiteElo "2330"]
[BlackElo "1643"]

1.e4 c5 2.Nf3 Nc6 3.Bb5 d6 4.Bxc6+ bxc6 5.O-O g6 6.h3 Bg7 7.c3 e6 8.d4
cxd4 9.cxd4 Ne7 10.Nc3 O-O 11.Qc2 Bb7 12.Bf4 Rc8 13.Rfd1 d5 14.Na4 Ba8 15.
e5 Rb8 16.Nc5 Re8 17.Qd2 Nc8 18.Rac1 Nb6 19.Bg5 Qc8 20.b3 Nd7 21.Nxd7 Qxd7
22.Ne1 Bf8 23.Nd3 Rec8 24.Nc5 Bxc5 25.Rxc5 Rb5 26.Bf6 Qe8 27.Rdc1 a6 28.h4
Qf8 29.h5 h6 30.g4 Rxc5 31.dxc5 Kh7 32.Rc3 Rb8 33.hxg6+ fxg6 34.Rh3 Rb7
35.Bg5 Qxc5 36.Rxh6+ Kg8 37.Rxg6+ Rg7 38.Rxg7+ Kxg7 39.Qf4 Qa7 40.Bf6+ Kf7
41.Qh6 Qb7 42.Qg7+ 1-0